Dve cesty - superrast a superchaos Čínsky expres. 1

Hektické tempo reformy Teng Siao-pchinga v Číne. Cieľ na tento rok - udržať hospodársky rast len na desiatich percentách. Štvornásobný nárast objemu hospodárstva za 15 rokov, vysoké tempo výstavby, vzrast kúpnej sily obyvateľstva. Porovnanie Tengovej reformy v Číne a Gorbačovovej reformy v bývalom Z...

Ausführliche Beschreibung

Gespeichert in:
Bibliographische Detailangaben
1. Verfasser: Brabec, J.
Weitere Verfasser: Kasalovský, P.
Format: Buchkapitel
Sprache:Slowakisch
Schlagworte:
Tags: Tag hinzufügen
Keine Tags, Fügen Sie das erste Tag hinzu!

MARC

LEADER 00000naa a2200000 4500
001 r023735
005 20221213113344.0
041 0 |a slo 
044 |a SK 
245 1 0 |a Dve cesty - superrast a superchaos  |b Čínsky expres. 1  |c J. Brabec, P. Kasalovský 
520 |a Hektické tempo reformy Teng Siao-pchinga v Číne. Cieľ na tento rok - udržať hospodársky rast len na desiatich percentách. Štvornásobný nárast objemu hospodárstva za 15 rokov, vysoké tempo výstavby, vzrast kúpnej sily obyvateľstva. Porovnanie Tengovej reformy v Číne a Gorbačovovej reformy v bývalom ZSSR. Intelektuálny bankrot európskych reformátorov. Účasť zahraničného kapitálu. 
610 2 0 |a Čína 
610 2 0 |a Rusko 
610 2 0 |a ekonomika priestorová 
610 2 0 |a reformy hospodárske 
610 2 0 |a rast hospodársky 
610 2 0 |a aktivita hospodárska 
610 2 0 |a kapitál zahraničný 
100 1 |a Brabec, J. 
700 1 |a Kasalovský, P.